Pohľad na sociálnu prácu ako etablujúci sa vedný odbor na Slovensku v uplynulom desaťročí
Sociálna práca ako vedný odbor. Definícia a vymedzenie predmetu sociálnej práce. Kritériá kladené na vedný odbor sociálna práca. Sociálna práca ako profesionálna praktická činnosť. Sociálna práca ako študijný odbor.
Salvato in:
| Autore principale: | |
|---|---|
| Natura: | Capitolo di libro |
| Lingua: | slovacco |
| Soggetti: | |
| Tags: |
Nessun Tag, puoi essere il primo ad aggiungerne!!
|
MARC
| LEADER | 00000naa a2200000 4500 | ||
|---|---|---|---|
| 001 | r045810 | ||
| 005 | 20230913072226.2 | ||
| 041 | 0 | |a slo | |
| 044 | |a CZ | ||
| 245 | 1 | 0 | |a Pohľad na sociálnu prácu ako etablujúci sa vedný odbor na Slovensku v uplynulom desaťročí |c Anna Žilová |
| 520 | |a Sociálna práca ako vedný odbor. Definícia a vymedzenie predmetu sociálnej práce. Kritériá kladené na vedný odbor sociálna práca. Sociálna práca ako profesionálna praktická činnosť. Sociálna práca ako študijný odbor. | ||
| 610 | 2 | 0 | |a práca sociálna |
| 610 | 2 | 0 | |a odbory študijné |
| 610 | 2 | 0 | |a veda |
| 610 | 2 | 0 | |a pojmy |
| 100 | 1 | |a Žilová, Anna | |